000 00878 a2200241 4500
010 _aENG-86305
020 _a8172149026
_c150.00
035 _aEN-69838
037 _bD.B.Act / Pub
082 1 4 _a215
090 _c4516
_d4516
100 1 _aPerumalil, Augustine
245 1 _aCritical issues in the philosophy of science and religion
_cby Augustine Perumalil
260 _aDelhi
_bIndian Society for Promoting Christian Knowledge,
_c2006.
260 _bIndian Institute of Science and Religion
_aPune
300 _axii, 198 p. ;
_c22 cm. (Hb)
500 _aIncludes bibliographical references and index
650 0 _aPhilosophy of science
650 0 _aPhilosophy of religion
710 _aIndian Institute of Science and Religion
942 _adpl
_cEN
_k215 / PER
999 _c4428
_d4428